[Event "Herzliya"]
[Site "Herzliya"]
[Date "1998.09.13"]
[Round "8"]
[White "Lev, Ronen"]
[Black "Psakhis, Lev"]
[Result "1-0"]
[WhiteElo "2460"]
[BlackElo "2560"]
[Annotator "Avrukh,B"]
[PlyCount "61"]
[EventDate "1998.09.??"]
[EventType "tourn"]
[EventRounds "11"]
[EventCountry "ISR"]
[EventCategory "10"]
[SourceTitle "EXT 1999"]
[Source "ChessBase"]
[SourceDate "1998.11.16"]
[SourceVersion "1"]
[SourceVersionDate "1998.11.16"]
[SourceQuality "1"]

1. d4 Nf6 2. c4 e6 3. Nf3 b6 4. g3 Ba6 5. b3 Bb7 6. Bg2 Bb4+ 7. Bd2 a5 8. O-O
O-O 9. Qc1 {[%mdl 8] New move in this popular position.The only advantage of
this move ,if to compare it with 9Qc2(i think the main line in this position),
that black has no Be4 with tempo,but it's not clear where black's bishop is
better.And on the other hand white need to make one move more in order to
develop rook a1.} (9. Qc2 h6 (9... Bxd2 $6 10. Nbxd2 d5 11. Rfd1 Na6 12. cxd5
exd5 13. Nf1 {[%cal Gf1e3]} (13. Rac1 Re8 14. Ne5 c5 15. Ndf3 Ne4 $11) (13. Ne5
Re8 {with next c5}) 13... Ne4 14. Ne5 Qe7 $6 (14... Nb4 $142 15. Qb2 f6 16. Nf3
$14) 15. Bxe4 $1 {Unusual, positional decision, but very strong.} dxe4 16. a3
$1 $16 {[%csl Ga6] . 1-0 Topalov,V-Illescas Cordoba,M/Dos Hermanas 1997/CBM 59/
[Avrukh,B] (40)}) (9... Re8 10. Nc3 d6 11. Rfe1 Bxc3 12. Bxc3 Be4 13. Qb2 Nbd7
14. Bf1 d5 15. Ne5 Nxe5 16. dxe5 Nd7 17. f3 Bg6 18. cxd5 exd5 19. Rad1 c6 20.
e4 dxe4 21. Bh3 Ra7 22. f4 f5 23. exf6 $16 {1-0 Oll-Nikolic/32nd Chess
Olympiad, Yerevan 1996 (25)}) (9... Be4 10. Qb2 d5 (10... Nc6 11. a3 (11. Rd1
$5) 11... Be7 12. Bc3 {[%cal Gb1d2]} (12. Nc3 $6 Bxf3 13. Bxf3 Nxd4 14. Bxa8
Qxa8 $44) 12... a4 13. b4 b5 14. Nbd2 bxc4 15. Nxc4 Na7 {[%cal Ga7b5]} 16. Rac1
Nb5 17. Rfd1 Ra6 18. Be1 Qa8 $1 {and black reached comfortable play. 1/2-1/2
Damljanovic,B-Damaso,R/Magistral Algarve, Vila Real de Santo A 1998 (118)}) 11.
a3 Bxd2 12. Nbxd2 Nbd7 13. Rfd1 Qe7 14. Rac1 c6 15. Nxe4 Nxe4 16. cxd5 cxd5 17.
Rc2 $14 {1/2-1/2 Garcia Ilundain,D-Gomez Esteban,J/Linares zt 1995}) 10. Nc3 (
10. Bf4 a4 11. Nc3 Bxc3 12. Qxc3 d6 13. b4 b5 $6 (13... Nbd7 $142 14. b5 Qe7
15. Qb4 Rfe8 {[%cal Ge6e5] with nice position for black.}) 14. cxb5 Nbd7 15.
Rfc1 Rc8 16. Ne1 Bxg2 17. Nxg2 Nb6 18. Qd3 Qd7 19. Bd2 Rb8 20. Ne3 Rb7 21. Rc6
{and white is slightly better.  1/2-1/2 Ivanchuk,V-Yudasin,L/Lvov 1987/TD
87\01 (47)}) 10... d6 (10... Re8 11. a3 (11. Rfe1 d5 $10) 11... Bxc3 (11... Bf8
12. e4 $16) 12. Bxc3 Be4 13. Qd1 (13. Qb2 a4 14. b4 d5 $15) 13... d5 (13... a4
14. bxa4 d5 15. cxd5 Qxd5 16. a5 $1 $14) 14. Rc1 Nbd7 15. Re1 (15. Bh3 $6 dxc4
16. bxc4 Bxf3 17. exf3 e5 $1) 15... Qc8 16. Bf1 {[%cal Gf3d2]} Qb7 (16... Bxf3
17. exf3 $14 {/\ f4, Bg2}) 17. Nd2 Bh7 18. Bb2 c6 19. e3 b5 $5 20. cxb5 (20. c5
a4 $15) 20... cxb5 21. Qe2 $1 Reb8 (21... Rab8 22. Bc3 $5) 22. f3 $14 {Karpov,
A-Anand,V/Tilburg 1991/1-0 (53)}) 11. Rad1 Nbd7 12. Rfe1 Bxc3 13. Bxc3 Be4 14.
Qb2 c6 15. Bh3 b5 16. Qc1 bxc4 17. bxc4 d5 18. Nd2 Bg6 19. Bg2 Nb6 20. c5 Nbd7
21. Nf3 Qc7 $2 (21... Ne4 $142 $11) 22. Bd2 $1 a4 23. Bf4 {and white is better.
0-1 Shneider,A-Psakhis,L/Tilburg 1994/CBM 44 (54)}) 9... h6 (9... c5 {in my
opinion must be very strong after 9Qc1}) 10. Bf4 {[%csl Rb4][%cal Gc4c5,Ga2a3]}
a4 {[%mdl 4]} (10... d5 $5 11. Nc3 (11. Ne5 Nbd7) (11. c5 $140 a4) 11... Ne4 $1
12. Nb5 $2 c6 13. Nc7 Ra7 $17 {[%csl Rc7]}) 11. Nc3 axb3 12. axb3 Rxa1 13. Qxa1
Be7 $2 {[%mdl 16384]} (13... Bxc3 14. Qxc3 d6 15. Ra1 Nbd7 16. Ra7 Be4 $11 (
16... Qb8 $6 17. Qa1)) 14. d5 $1 {[%csl Rb7,Rb8]} exd5 $2 (14... Na6 $142 15.
Nd4 {[%cal Ge2e4]} (15. e4 Nc5 16. e5 Nh5 17. Qb1 Nxf4 18. gxf4 $36) 15... Bc5
16. Ndb5 (16. Rd1 Bxd4 17. Rxd4 Nc5 18. Qb2 Re8 {[%cal Ge6e5] and black is O.K.
}) 16... exd5 17. Nxd5 (17. cxd5 Re8 18. e4 Nh5 {[%cal Gc7c6]}) 17... Nxd5 18.
cxd5 Re8 19. e4 $14) 15. Nd4 $16 {[%cal Gd4f5]} Nc6 (15... c5 $2 16. Nf5 $18 {
[%cal Gf4b8]}) (15... c6 16. Qa7 $1 Bc5 (16... Qc8 17. Na4 Bc5 18. Nf5 $18 {
[%csl Rd6]}) 17. Nf5 Qc8 18. Bd6 $18 (18. Na4 $18)) 16. Nf5 Nb4 (16... dxc4 17.
Nd5 Re8 18. Bxc7 Qc8 19. bxc4 {with hopeless position for black.}) (16... d4
17. Nd5 Nxd5 18. cxd5 Na5 19. b4 {[%cal Gd5d6] and white winning.}) 17. Qa7 (
17. Bxc7 $143 Qxc7 18. Nxe7+ Kh8 19. Nexd5 $16 {but, now this position with
pawn up is not enough for white.}) 17... Bc6 18. Bxc7 Qe8 19. Qxb6 $18 (19.
Bxb6 {[%cal Gf5e7,Gb6c5] was winning immediatly.}) 19... dxc4 20. bxc4 Bxg2 21.
Kxg2 Nc6 22. Nd5 Ne4 23. f3 Ng5 24. Qb2 f6 25. Nfxe7+ $1 Nxe7 26. Bd6 Nxd5 27.
cxd5 Rf7 28. Qc2 {[%cal Gf1b1,Gb1b8]} Nh7 29. Rb1 Nf8 30. Rb8 Qe3 31. Kf1 {
Black has no defence against simple 32Qc8.} 1-0

[Event "Morelia/Linares 23rd"]
[Site "Morelia/Linares"]
[Date "2006.03.04"]
[Round "9"]
[White "Aronian, Levon"]
[Black "Ivanchuk, Vassily"]
[Result "1/2-1/2"]
[WhiteElo "2752"]
[BlackElo "2729"]
[Annotator "Avrukh,B"]
[PlyCount "70"]
[EventDate "2006.02.18"]
[EventType "tourn"]
[EventRounds "14"]
[EventCountry "ESP"]
[EventCategory "20"]
[SourceTitle "CBM 112"]
[Source "ChessBase"]
[SourceDate "2006.06.07"]
[SourceVersion "1"]
[SourceVersionDate "2006.06.07"]
[SourceQuality "1"]

1. d4 Nf6 2. c4 e6 3. Nf3 b6 4. g3 Ba6 5. b3 Bb4+ 6. Bd2 Be7 7. Nc3 ({More
popular is} 7. Bc3) 7... O-O 8. Rc1 d5 9. cxd5 exd5 10. Bg2 Bb7 11. O-O Na6 12.
Bf4 Re8 13. Ne5 h6 (13... c6 14. e4 Nc7 15. exd5 cxd5 16. a4 Ne6 17. Be3 Bb4
18. Qd3 a6 19. Bh3 h6 20. f4 $14 {0-1 Schandorff,L-Hansen,S/Koege 2005 (59)})
14. Nb5 $5 {An interesting try to fight for an opening advantage, but it seems
that Black has an excellent counterplay in all of the lines.} (14. Nd3 Bf8 15.
Rc2 c6 16. Qa1 Nb4 17. Nxb4 Bxb4 18. a3 Bf8 19. Rd1 Qd7 20. Qb2 Qf5 {1/2-1/2
Vescovi,G-Spraggett,K/Buenos Aires 2005}) 14... c5 ({Black couldn't play} 14...
c6 $2 {because White gets a huge adavantage after an exchange sacrifice on f6.}
15. Nxc6 Bxc6 16. Rxc6 Qd7 17. Rxf6 (17. Qc1 Nb4 18. Rxf6 Rec8) 17... Bxf6 18.
Nc3 (18. Nd6 Rf8 19. Bxd5 Rad8 20. Bc4 Nc7 21. Qd3 $14) 18... Nb4 19. a3 Rac8
20. Qd2 Nc6 (20... Nc2 21. Nxd5 Qe6 22. e3 $16) 21. Nxd5 Bd8 22. Rc1 $16) 15.
Nc4 Bc6 $1 {A well calculated move. Another reasonable try was} (15... Ne4 16.
Bxe4 dxe4 17. Nbd6 Bxd6 18. Nxd6 Re7 19. dxc5 Nxc5 20. Qd2 Rd7 21. Rfd1 Ne6 $11
{with a balanced position.}) 16. Ncd6 Rf8 17. dxc5 bxc5 18. Nd4 {[%csl Rc6]}
cxd4 $1 {Starting a forced play which eventually leads to equality.} (18...
Bxd6 $2 19. Nxc6 Qd7 20. Bxd6 Qxd6 21. Bxd5 Nxd5 22. Qxd5 $18) 19. Rxc6 Nb4 20.
Nb7 Qe8 {[%cal Ge8b5]} 21. Rc7 (21. Rc1 Nxa2) 21... Na6 22. Rc1 {There is no
other square for the rook.} (22. Rc2 $2 Qb5 23. Nd6 Qd7 24. Qd3 Nb4 $19) 22...
Qb5 23. Nd6 Qd7 24. Qd3 $1 {White's knight is trapped on d6, but fortunately
White has this move which keeps material balance.} Bxd6 25. Qxa6 Bxf4 26. gxf4
Qg4 27. Qd3 $1 {White wins back a pawn on d4.} (27. e3 $6 Rae8 28. Qd3 dxe3 29.
fxe3 Re6 $15 {[%csl Re3][%cal Gf8e8,Gg4h4,Gf6g4]}) 27... Qxf4 28. Rcd1 Rfe8 29.
Rfe1 Rac8 (29... Ng4 $6 30. Qg3 Qxg3 31. hxg3 $14) 30. Qxd4 Qxd4 31. Rxd4 Rc2
32. a4 Rexe2 33. Rxe2 Rxe2 34. Bxd5 Nxd5 35. Rxd5 Rb2 1/2-1/2

[Event "Lee Cup 4th"]
[Site "Beijing"]
[Date "1997.08.31"]
[Round "7"]
[White "Atalik, Suat"]
[Black "Alterman, Boris"]
[Result "0-1"]
[WhiteElo "2590"]
[BlackElo "2615"]
[Annotator "Avrukh,B"]
[PlyCount "96"]
[EventDate "1997.08.23"]
[EventType "swiss"]
[EventRounds "11"]
[EventCountry "CHN"]
[SourceTitle "CBM 061"]
[Source "ChessBase"]
[SourceDate "1997.11.23"]
[SourceVersion "1"]
[SourceVersionDate "1997.11.23"]
[SourceQuality "1"]

1. d4 Nf6 2. c4 e6 3. Nf3 b6 4. g3 Ba6 5. Qa4 Bb7 6. Bg2 c5 7. dxc5 bxc5 8. O-O
Be7 9. Nc3 O-O 10. Bf4 Qb6 11. Rad1 (11. Rfd1 Nc6 12. Qb5 Na5 13. b3 d5 14.
cxd5 {1/2-1/2 Dlugy,M-Psakhis,L/New York op 1997}) 11... d6 (11... Rd8 12. Rd2
d5 13. cxd5 exd5 14. e3 (14. Ne5 $142 {[%cal Gf1d1]} d4 $140 $2 15. Nc4) 14...
Na6 15. Rfd1 h6 16. Be5 Nb4 17. Bxf6 Qxf6 18. Ne1 Bc6 19. Qa5 d4 20. Ne4 $11 {
1/2-1/2 Ikonnikov Vyacheslav-Palac Mladen/Ch Paris (open), Paris (France) 1996
(25)}) 12. Rd2 (12. h3 Rd8 13. Rd2 h6 14. g4 $6 Nc6 15. Qd1 d5 16. cxd5 exd5
17. b3 $4 Qb4 {[%csl Gc3,Gf4] 0-1 Khomyakov,V-Kiselev,S/Katowice op 1992})
12... h6 (12... Rd8 13. Rfd1 h6 14. Qb3 {1/2 Zaltsman,V-Psakhis,L/Philadelphia
World op 1989}) 13. Rb1 $146 {[%csl Gb6][%cal Gb2b4]} (13. Rfd1 e5 14. Be3 {
><d5} Nc6 15. Rb1 (15. Ne1 $5 {/\} Nd4 16. Bxb7 Qxb7 17. f3 $14) 15... a5 (
15... Rfd8 $2 16. b4 $1 Nxb4 17. a3 Ne4 18. Rxb4 $18) 16. Qb5 Qc7 17. Qb3 Rfd8
18. Nh4 Rab8 19. Nf5 Nd4 20. Nxe7+ Qxe7 $11 {1/2-1/2 Nikolic,P-Bareev,E/Bled/
Rogaska Slatina 1991 (30)}) 13... Na6 (13... e5 {[%csl Gd5]} 14. Be3 Nc6 $2 15.
b4 $16) (13... a5 $5) 14. Ne1 Bxg2 15. Nxg2 Rfd8 16. Rbd1 Nc7 17. Rd3 {[%cal
Gf4c1]} (17. e4) 17... Rac8 (17... Qxb2 $4 18. Rb1 $18) 18. h3 $2 (18. e4 {
was necessary.} Na6 {[%csl Gd4][%cal Ga6b4,Gb4c6,Ga6b8,Gb8c6]} (18... e5 $6 {
[%csl Gd5]} 19. Bc1 (19. Be3 $143) 19... Ne6 20. Ne3 Nd4 21. Ned5 Nxd5 22. Nxd5
Qb7 23. Be3 $16) (18... Ng4 $140 19. h3 Ne5 20. Bxe5 dxe5 21. Rxd8+ Rxd8 22.
Rxd8+ Bxd8 23. Qd7 Bg5 24. Na4 $16) 19. Ne1 (19. Qb5 {[%csl Gd6]} Nb4 20. R3d2
Ne8 $11) 19... Nb4 20. R3d2 Nc6 (20... Ne8 21. e5 $1 $14) 21. Bxd6 (21. Nf3 $2
Nd4 $1 22. Nxd4 cxd4 23. Rxd4 e5 $19) 21... Bxd6 22. Rxd6 Qxb2 23. Qb3 $11)
18... g5 $1 19. Bc1 d5 $17 20. cxd5 (20. h4 d4 21. Nb1 Ne4 $17 {[%csl Gb1,Gc1,
Gg2]}) 20... exd5 21. Ne3 d4 22. Nf5 Bf8 23. Qc2 (23. e3 $142 Ne6 (23... dxc3
24. Rxd8 Rxd8 25. Rxd8 cxb2 26. Bxb2 Qxb2 27. Nxh6+ Kg7 28. Nf5+ $11) (23...
Qe6 24. g4 h5 25. f3) 24. Ne2 c4 (24... Rd5 $5) 25. Rxd4 Nxd4 26. Rxd4 Rxd4 27.
Nfxd4 $15) 23... Na6 (23... Qe6 {also good.} 24. g4 Re8 {[%csl Ge2]} 25. Na4
Ncd5 $17) 24. Na4 Qe6 25. Rf3 Nb4 26. Qd2 Ne4 27. Qe1 Nxa2 28. Bd2 Nd6 $1 $19 {
Black changes the only active white's piece , and now it becomes clear that
game is over.} 29. Nxd6 Bxd6 30. Ra3 Rb8 31. e3 Nb4 32. exd4 Qxe1+ (32... Qxh3
33. Bxb4 (33. dxc5 Nc2 $19) 33... cxb4 34. Re3 Qf5 $17) 33. Bxe1 cxd4 (33...
Nc2 34. Ba5) 34. Bxb4 Rxb4 35. Rdd3 Rc8 36. Ra1 Bf8 37. Kg2 Rcb8 $138 38. Kf3
Kh7 39. g4 $2 {[%csl Gf4]} (39. Ke2 $142) 39... Kg6 40. Ke2 Re8+ 41. Kd2 Bd6 $1
{[%cal Gd6f4]} 42. b3 Bf4+ 43. Kd1 Rb5 $1 {[%cal Gb5e5,Ge5e1]} 44. Nb2 Rbe5 45.
Ra6+ (45. Kc2 Re2+ 46. Kb1 Rxf2 $19) 45... Kg7 46. b4 Re1+ 47. Kc2 R8e2+ 48.
Kb3 Rb1 {[%csl Gb2][%cal Gf4c1]} 0-1

[Event "St Petersburg-ch"]
[Site "St Petersburg"]
[Date "1997.??.??"]
[Round "3"]
[White "Karasev, Vladimir I"]
[Black "Cherepkov, Alexander V"]
[Result "1/2-1/2"]
[WhiteElo "2365"]
[BlackElo "2395"]
[Annotator "Avrukh,B"]
[PlyCount "56"]
[EventDate "1997.03.04"]
[EventType "swiss"]
[EventRounds "9"]
[EventCountry "RUS"]
[SourceTitle "CBM 058"]
[Source "ChessBase"]
[SourceDate "1997.06.01"]
[SourceVersion "1"]
[SourceVersionDate "1997.06.01"]
[SourceQuality "1"]

1. d4 Nf6 2. c4 e6 3. Nf3 b6 4. g3 Ba6 5. b3 Bb4+ 6. Bd2 Be7 7. Bg2 d5 8. Nc3 {
A rare continuatinon, the main line here 8cd [Avrukh,B]} c6 {I think the best
reaction , the black's idea is to take on d5 with c pawn, that promise to
black good chances in such kind of position.[Avrukh,B]} 9. O-O O-O 10. cxd5 (
10. Bf4 {Avrukh,B} Nbd7 (10... dxc4 11. bxc4 Bxc4 12. Bxb8 $1 Rxb8 13. Ne5 $16
{[Avrukh,B]}) 11. Rc1 Rc8 12. Qd3 Nh5 $6 (12... c5 $1 {[Avrukh,B]}) 13. Bd2
Nhf6 14. e4 b5 15. cxd5 cxd5 16. e5 Ne4 17. Nxe4 dxe4 18. Qxe4 Nb6 19. Qg4 $16
{1-0 Staniszewski,P-Stempin,P/POL-ch Bytom 1986 (62)}) 10... cxd5 11. Ne5 (11.
a3 {Avrukh,B} Nc6 12. b4 Bc4 13. b5 Na5 14. Ne5 Rc8 15. Nxc4 Nxc4 16. Nb1 Qd7
17. a4 Rc7 18. Bc3 Rfc8 $17 {0-1 Kraeussling Andreas-Farago Ivan/Bayern
Oberliga 1995 (32)}) 11... Bb7 (11... Nfd7 $1 {Avrukh,B More logical. [Avrukh,
B]} 12. Nxd7 (12. f4 Nxe5 13. dxe5 (13. fxe5 Nc6 14. Be3 Rc8 15. Qd2 Qc7 $17 {
[%cal Gc7c3,Ge7a3]}) 13... Nc6 14. Kh1 Rc8 $15) 12... Qxd7 (12... Nxd7 13. Re1
Rc8 14. Rc1 $11) 13. Re1 Nc6 14. Bc1 $1 (14. e4 dxe4 15. Bxe4 Rad8 $17) 14...
Rac8 15. Bb2 Rc7 16. Rc1 $11 {[Avrukh,B]}) 12. Qc2 {[%csl Ge4]} (12. Rc1 {
Avrukh,B} Nbd7 13. Bf4 $11 (13. f4 Rc8)) 12... Nbd7 (12... Nc6 {Avrukh,B} 13.
Nxc6 (13. Nxd5 Nxd4 14. Nxe7+ Qxe7 15. Qd3 Rad8 $17) 13... Bxc6 $11 {[Avrukh,B]
}) (12... Nfd7 $5 {Avrukh,B}) 13. f4 (13. Nxd7 {Avrukh,B} Qxd7 14. Qb2 $11)
13... Rc8 14. Qd3 Nxe5 (14... a6 {[%csl Ge4][%cal Gb6b4] Avrukh,B} 15. a4 (15.
Rac1 b5 $15)) 15. fxe5 (15. dxe5 $2 {Avrukh,B} Bc5+ 16. e3 Ne4 $17) 15... Nd7
16. Bh3 (16. e4 $2 {Avrukh,B} dxe4 17. Bxe4 Nxe5 $1 (17... Bxe4 18. Qxe4 (18.
Nxe4 $2 Nxe5 $19) 18... Bb4 19. Rf3 $13) 18. Bxh7+ (18. dxe5 Bc5+ 19. Rf2 Qxd3
20. Bxd3 Rcd8 $19) 18... Kh8 19. Qe3 Ng4 20. Qf4 f5 $19 {[Avrukh,B]}) 16... Nb8
$1 17. Rf2 Ba6 18. Qf3 {[%cal Gf3g4]} Nc6 19. Qg4 {[%cal Gd2h6]} Kh8 (19... h5
$6 {Avrukh,B} 20. Qxh5 $1 (20. Qf4 b5 21. Raf1 b4 $15) 20... Nxd4 21. Raf1 $40
{[Avrukh,B]}) 20. Raf1 Qe8 (20... f5 {Avrukh,B} 21. exf6 Rxf6 $5 {[Avrukh,B]})
21. Rf4 b5 (21... h6 $2 {[%csl Gh6] Avrukh,B} 22. R4f2 $40) 22. R1f2 {[%csl
Ge2]} (22. Qh5 $2 {Avrukh,B} f5 $1 $17) 22... b4 23. Nd1 Bb7 {[%cal Ga7a4]} 24.
Ne3 a5 25. Qf3 f5 (25... Nd8 {Avrukh,B It looks passive, although,white has no
chances on kingside.[Avrukh,B]}) 26. exf6 Bxf6 (26... Rxf6 $5 {Avrukh,B with
idea} 27. Qg4 h5 $1 28. Qf3 Nxd4 $17 {[Avrukh,B]}) 27. Qg4 Nd8 (27... e5 {
Avrukh,B} 28. dxe5 Nxe5 29. Qe6 Qxe6 30. Bxe6 Rc5 $15 {[Avrukh,B]}) 28. Qf3 (
28. Qh4 $5 {Avrukh,B} Qf7 (28... Nc6 29. Rxf6 $5 gxf6 30. Rxf6 Qe7 31. Ng4 Nxd4
32. Rxf8+ Qxf8 33. Nf6 Nxe2+ 34. Kf2 Qg7 35. Kxe2 Rf8 36. Bg5 $13) 29. Qg4 Qe8
$11 {[Avrukh,B]}) 28... e5 (28... Nc6 {Avrukh,B} 29. Qg4 e5 {lead to27...e5.} (
29... Nd8 $11)) (28... e5 $4 {1/2-1/2} {Strange desicion for white,to agree on
draw, after terrible mistake of black.} 29. dxe5 d4 30. Nd5 Qxe5 31. Bxc8 Bxd5
32. e4 $18 (32. Qd3 {Avrukh,B} Nf7 33. Bh3 Ng5 34. Bg2 Bxg2 35. Kxg2 Re8 $132 {
[Avrukh,B]} (35... Qd5+ 36. e4 $18))) 1/2-1/2

[Event "Beersheba 16th"]
[Site "Beersheba"]
[Date "1997.03.06"]
[Round "10"]
[White "Avrukh, Boris"]
[Black "Mikhalevski, Victor"]
[Result "1-0"]
[WhiteElo "2520"]
[BlackElo "2535"]
[Annotator "Avrukh,B"]
[PlyCount "127"]
[EventDate "1997.02.24"]
[EventType "tourn"]
[EventRounds "11"]
[EventCountry "ISR"]
[EventCategory "12"]
[SourceTitle "CBM 058"]
[Source "ChessBase"]
[SourceDate "1997.06.01"]
[SourceVersion "1"]
[SourceVersionDate "1997.06.01"]
[SourceQuality "1"]

1. d4 Nf6 2. c4 e6 {A big surprise for me, because Victor always plays
Grynfeld defence.} 3. Nf3 Bb4+ 4. Bd2 a5 5. g3 b6 6. Bg2 Ba6 7. b3 O-O 8. O-O
Ra7 $146 (8... d5 9. cxd5 Nxd5 (9... exd5) 10. Re1 $5 $14 (10. a3 Be7 11. Nc3
Nd7 12. Re1 c5 13. e4 Nxc3 14. Bxc3 Bb7 15. Qc2 Rc8 16. Qb2 Bf6 17. Rad1 cxd4
18. Bxd4 Qc7 19. Bxf6 Nxf6 20. Nd4 Qc3 $11 {1/2-1/2 Ree,H-Kuligowski,A/Wijk
aan Zee 1983 (40)})) (8... c6 9. Ne5 (9. Qc2 d5 10. Bxb4 axb4 11. a3 Bb7 12.
Nbd2 bxa3 13. b4 Na6 14. Qb3 dxc4 15. Nxc4 Nd5 16. Rxa3 Ndxb4 17. Nfe5 Qc7 18.
Rb1 $44 {Zimmerman,Y-Letreguilly,O/Budapest FS12 IM 1994/0-1 (77)}) 9... d5 10.
Bg5 Be7 11. Nd2 Nfd7 12. Bxe7 Qxe7 13. Nxd7 {1/2-1/2 Peter Ambrocz-Eperjesi
Laszlo/It (cat.2), Budapest (Hungary) 1995}) (8... Bb7 9. Nc3 Ne4 10. Nxe4 Bxe4
11. Ne5 Bxg2 12. Kxg2 Nc6 13. Nf3 d5 14. Rc1 Ba3 15. Rc2 Qd7 16. Bc3 a4 $11 {
1/2-1/2 Vyzmanavin,A-Christiansen,L/Manila olm 1992 (60)}) 9. Bf4 a4 (9... d5
$5 10. c5 Ne4 11. Qc2 (11. a3 Bc3 12. cxb6 cxb6 13. Ra2 b5 (13... a4 $5 {
also interesting.}) 14. Ng5 $1 Nxg5 15. Nxc3 b4 16. axb4 axb4 17. Nb5 Rd7 $14)
11... a4 12. cxb6 cxb6 13. bxa4 Nd7 $13) 10. Qc2 d5 11. Rd1 Qc8 (11... Nbd7 12.
Ne5 Bb7 13. Nc3 $14) 12. Ne5 c5 13. dxc5 Bxc5 (13... bxc5 14. Nc3 (14. bxa4 Rd8
15. a3 Ba5 16. Nc3 $14) 14... axb3 15. axb3 Rd8 16. Bg5 {[%csl Gd5]}) 14. Nc3
b5 $2 (14... axb3 15. axb3 dxc4 16. Nxc4 $14 {[%cal Ga1a7]} (16. bxc4 Nh5 $1
$11)) 15. cxb5 Bxb5 16. Rac1 Rc7 17. Nc4 (17. Ng6 $1 axb3 18. axb3 fxg6 19.
Bxc7 Bxf2+ 20. Kxf2 Qxc7 21. Nxb5 Qb6+ 22. Nd4 e5 23. Kg1 exd4 24. Qc5 $18)
17... axb3 18. axb3 Bxc4 19. Bxc7 (19. bxc4 $2 Ng4 $1 20. e3 (20. Bxc7 Nxf2 $5
(20... Bxf2+ 21. Kh1 Be3)) (20. Rf1 e5 21. Bg5 Bxf2+ 22. Rxf2 Rxc4) 20... e5
21. Bg5 f6 22. Bxd5+ Kh8 23. Bh4 g5 $17) 19... Qxc7 20. bxc4 Bxf2+ 21. Kxf2
Qc5+ (21... Ng4+ 22. Ke1 Ne3 23. Qd3 Nxg2+ 24. Kf1 $18) 22. Ke1 (22. Kf3 $2 d4
$1 (22... Nc6 23. e3 $16 Ne5+ 24. Ke2 Nfg4 25. Qd2 Qxc4+ 26. Ke1 Nxh2 27. Qe2
$1) 23. Nb5 Qh5+ 24. g4 $8 (24. Kf2 Ng4+ 25. Ke1 Qxh2 $1) 24... Qxg4+ (24...
Nxg4 25. Rxd4 Nc6) 25. Kf2 Qf4+ 26. Bf3 Ng4+ 27. Ke1 Qxh2 28. Bxg4 Qg1+ 29. Kd2
Qe3+ $11) 22... Ng4 (22... Qg1+ 23. Bf1 Qxh2 (23... Ng4 24. e4 $2) 24. Qd3 $1)
23. e3 $2 (23. e4 $1 Ne3 (23... Qg1+ 24. Bf1 d4 (24... Ne3 25. Qf2 $18) 25. Nb5
$18) 24. Qe2 d4 (24... Nxd1 25. Rxd1 Qg1+ 26. Bf1 dxc4 27. Qf2 $18) 25. Nb5 Nc6
26. Rd2 $18 (26. Kf2)) 23... Nxe3 24. Qf2 d4 25. Ne4 (25. Ne2 e5 (25... Nxd1
26. Rxd1 Qb4+ (26... Qxc4 27. Qxd4 $1 $16) (26... e5 27. Bd5 $44) 27. Kf1 d3
28. Nf4 Qxc4 29. Qe3 $18) 26. Rd2 f5 $44) 25... Qe5 26. Rd2 f5 27. Qf4 Qxf4 28.
Nf6+ gxf6 $138 (28... Rxf6 $1 29. gxf4 Rg6 30. Bf1 Nc6 $1 {with idea 31...
Rg1-h1} 31. Kf2 Rg4 32. Rxd4 Nxf1 33. Rd6 Rxf4+ 34. Kg1 Nd4 35. Rxf1 Ne2+ 36.
Kg2 Rxc4 $17) 29. gxf4 Kf7 30. Rb1 e5 31. Rb7+ Kg6 32. Rdb2 Na6 33. fxe5 Nc5
34. e6 Re8 (34... Nd3+ $1 35. Ke2 Nxb2 36. e7 Rc8 (36... Re8 37. Bc6 Rxe7 38.
Rxe7 Nexc4 $1) 37. Bc6 Nexc4 38. e8=Q+ Rxe8+ 39. Bxe8+ Kh6 $17) 35. Bd5 f4 36.
Ke2 (36. Rb8) 36... Nxb7 37. Rxb7 Kf5 38. Rxh7 Ke5 (38... Nxd5 39. cxd5 Ke4 40.
d6 Rxe6 41. Re7 Kd5+ 42. Kd3 Kxd6 43. Rxe6+ Kxe6 44. Kxd4 Kf5 45. h3 $1 $11)
39. Rd7 Rh8 40. e7 Nf5 41. Kf3 $1 $18 Ng7 (41... Re8 42. Bf7 $1 Rxe7 43. Rd5#)
42. Rd8 Rxh2 43. Rg8 Rh3+ 44. Kf2 Rh2+ 45. Kf1 Ne8 46. Rxe8 Kd6 47. Be4 Rh5 48.
Rd8+ Kxe7 49. Rxd4 Ke6 50. Bf3 Ra5 51. Rxf4 f5 52. Rd4 Ra3 53. Ke2 Ke5 54. Rd3
Ra2+ 55. Rd2 Ra3 56. Bd5 Rc3 57. Rd3 Rc2+ 58. Kd1 Ra2 59. c5 Ra5 60. c6 Rc5 61.
Bh1 Rc4 62. Kd2 Rh4 63. Bf3 Rh8 64. Kc3 1-0